000 01058 a2200241 4500
005 20080904160234.0
008 080904t xxu||||| |||| 00| 0 hin d
010 _aHIN-79933
020 _a8188076023
_c80.00
035 _aHN-52279
037 _bD.B.Act / pub
082 _a822
100 _aउदय प्रकाश
245 _aऔर अंत में प्रार्थना
_cउदय प्रकाश
246 _aAur ant mein Prathana
_bby Udai Prakash
260 _aदिल्ली
_bबालवाणी प्रकाशन
_c2006
270 _aए-30-31, मजलिस पार्क, निकट शिमंदिर
_bदिल्ली
_e110033
300 _a80पृ
_c22 सेमी (सजिल्द)
_b(सचित्र)
650 _aहिन्दी नाटक
650 _aHindi Play
942 _adpl
_cHN
_k822 / उदय
_2ddc
_h822
_mउदय
999 _c4218
_d4218